Jewish emancipation under attack ; its legal recession until the present war /

Bibliographic Details
Main Author: Weinryb, Bernard D. (Bernard Dov), 1900-
Format: Book
Language:English
Published: New York : American Jewish Committee, 1942.
Series:Pamphlet series. Jews and the post-war world ; no. 2.
Subjects:

MARC

Tag First Indicator Second Indicator Subfields
LEADER 00000cam a2200000 4500
001 in00000038109
005 20151007080831.0
008 720203s1942 eng u
010 |a  42023166  
035 |a (OCoLC)00233025 
035 |9 AAF5454AM 
040 |c DLC  |d TXA  |d UtOrBLW 
049 |a TXAM 
050 0 |a DS143  |b .W42 
092 |a 296  |b W424j 
100 1 |a Weinryb, Bernard D.  |q (Bernard Dov),  |d 1900- 
245 1 0 |a Jewish emancipation under attack ;  |b its legal recession until the present war /  |c by Bernard Dov Weinryb. 
264 1 |a New York :  |b American Jewish Committee,  |c 1942. 
300 |a 95 pages ;  |c 23 cm. 
336 |a text  |b txt  |2 rdacontent 
337 |a unmediated  |b n  |2 rdamedia 
338 |a volume  |b nc  |2 rdacarrier 
490 1 |a [American Jewish Committee. Research Institute on Peace and Post- war problems] Pamphlet series: Jews and the post-war world, no.2 
504 |a "List of legal acts enacted since 1933, mentioned, cited or published in this work": pages 89-95. 
650 0 |a Jews  |x Politics and government. 
650 0 |a Jews  |z Europe. 
830 0 |a Pamphlet series.  |p Jews and the post-war world ;  |v no. 2. 
999 |a MARS 
999 f f |s bd9ac6cf-d925-3f79-af7e-44206fd83c3e  |i 1ee8cad3-6424-3b15-b4bf-1518cbbf2fbc  |t 0 
952 f f |p ric  |a Texas A&M University  |b Rellis Campus  |c Joint Library Facility  |d Remote Storage  |t 0  |e DS143 .W42  |h Library of Congress classification  |i unmediated -- volume  |m A14800630446 
998 f f |a DS143 .W42  |t 0  |l Remote Storage